Hombrecitos
Đã lưu trong:
| Tác giả chính: | |
|---|---|
| Định dạng: | Sách |
| Ngôn ngữ: | Tiếng Tây Ban Nha |
| Được phát hành: |
Santiago
Zig-Zag
1980
|
| Loạt: | Colección Juvenil Zig-zag
|
| Những chủ đề: | |
| Các nhãn: |
Thêm thẻ
Không có thẻ, Là người đầu tiên thẻ bản ghi này!
|
MARC
| LEADER | 00000nam a2200000 a 4500 | ||
|---|---|---|---|
| 001 | UCH5323 | ||
| 003 | CL-VaPUC | ||
| 008 | 091014e19800000CL |||||||||||||||||spa|d | ||
| 082 | 0 | 4 | |a 813 |b ALC |2 21 |
| 100 | |a Alcott, Louisa May |e autora |9 605187 | ||
| 245 | 1 | 0 | |a Hombrecitos |
| 300 | |a 159 p | ||
| 942 | |c BK | ||
| 945 | |d 20091014 00:00:00 |a lazolas | ||
| 260 | |a Santiago |b Zig-Zag |c 1980 | ||
| 650 | 0 | |a Literatura infantil |9 307465 | |
| 650 | 0 | |a Cuentos infantiles |9 308044 | |
| 650 | 0 | |a Formas y géneros literarios |9 324031 | |
| 650 | 0 | |a Cuentos estadounidenses |9 265133 | |
| 583 | |a last modification |c 20180726 10:37:40 |k Rodrigo Vera | ||
| 490 | 0 | |a Colección Juvenil Zig-zag | |
| 999 | |c 336486 |d 336484 | ||